Sports Quiz

Random Sports or NCAA Quiz

NCAA Div I Basketball Teams Part I Quiz Stats

 Plays Quiz not verified by Sporcle

Challenge
Share
Tweet
Embed
Score 0/169 Timer 20:00
0 Plays Today
% Correct
North Carolina
98.4%
Michigan
97.6%
Michigan St.
97.6%
Duke
96.8%
Illinois
96.8%
Indiana
96.8%
Iowa
96.8%
Northwestern
96.8%
Wisconsin
96.8%
Kansas
96.8%
Texas
96.8%
Texas A&M
96.8%
Boston College
96%
Virginia
96%
Minnesota
96%
Kansas St.
96%
Pennsylvania
96%
North Carolina St.
95.2%
Virginia Tech
95.2%
Ohio St.
95.2%
Purdue
95.2%
Texas Tech
95.2%
Florida St.
94.4%
Georgia Tech
94.4%
Wake Forest
94.4%
Penn St.
94.4%
Oklahoma
94.4%
Oklahoma St.
94.4%
Louisville
93.7%
Baylor
93.7%
Maryland
92.9%
Miami (FL)
92.9%
Iowa St.
92.1%
Boston University
91.3%
Missouri
91.3%
Nebraska
91.3%
Clemson
90.5%
St. John's
90.5%
Colorado
90.5%
Georgetown
89.7%
Rutgers
89.7%
Marquette
88.9%
Pittsburgh
88.9%
Syracuse
88.9%
Xavier
88.1%
Notre Dame
88.1%
Harvard
88.1%
Temple
87.3%
Connecticut
87.3%
West Virginia
87.3%
Memphis
87.3%
Butler
87.3%
Cincinnati
86.5%
Villanova
86.5%
Cornell
86.5%
Yale
86.5%
Providence
85.7%
% Correct
Richmond
84.9%
South Florida
84.9%
Brown
84.9%
Princeton
84.9%
DePaul
84.1%
Montana
84.1%
Dartmouth
84.1%
Seton Hall
83.3%
Columbia
82.5%
George Mason
81.7%
Houston
81.7%
Virginia Commonwealth
80.2%
Dayton
78.6%
St. Joseph's
78.6%
Tulsa
77%
Vermont
75.4%
Rhode Island
72.2%
Montana St.
72.2%
Alabama Birmingham
72.2%
George Washington
71.4%
Maine
70.6%
New Hampshire
69.8%
Massachusetts
69.8%
Belmont
69%
Central Florida
69%
Texas El Paso
69%
Tulane
69%
Idaho St.
68.3%
East Carolina
65.1%
North Dakota
64.3%
Charlotte
63.5%
Rice
63.5%
South Dakota
62.7%
St. Louis
61.9%
Fordham
61.1%
Southern Methodist
61.1%
Cleveland St.
61.1%
Marshall
60.3%
Albany
58.7%
Duquesne
58.7%
St. Bonaventure
58.7%
Old Dominion
58.7%
Southern Mississippi
56.3%
Eastern Washington
55.6%
William & Mary
55.6%
Jacksonville
53.2%
Milwaukee
52.4%
Northern Colorado
50.8%
Virginia Military
50%
California Irvine
50%
James Madison
50%
Green Bay
50%
La Salle
49.2%
Delaware
49.2%
Drexel
49.2%
Seattle
49.2%
Detroit
49.2%
% Correct
Youngstown St.
49.2%
Binghamton
48.4%
Portland St.
47.6%
Weber St.
47.6%
California Santa Barbara
47.6%
Hartford
46.8%
California Davis
46.8%
Georgia St.
46.8%
Hofstra
46.8%
Northern Arizona
46%
Long Beach St.
46%
Wright St.
45.2%
Maryland Baltimore County
44.4%
New Jersey Institute of Technology
43.7%
Coastal Carolina
42.9%
Northeastern
42.9%
Stony Brook
40.5%
Winthrop
39.7%
Pacific
38.9%
Liberty
38.1%
Chicago St.
38.1%
Sacramento St.
37.3%
Illinois-Chicago
36.5%
East Tennessee St.
35.7%
Loyola (IL)
35.7%
Valparaiso
35.7%
Lipscomb
34.9%
North Carolina-Wilmington
34.9%
California Riverside
34.1%
California St. Fullerton
34.1%
Towson
34.1%
Stetson
33.3%
Radford
33.3%
North Florida
32.5%
North Carolina-Asheville
31.7%
Cal Poly
30.2%
Florida Gulf Coast
29.4%
California St. Northridge
29.4%
Savannah St.
29.4%
Campbell
28.6%
Mercer
28.6%
High Point
28.6%
South Carolina Upstate
26.2%
Houston Baptist
26.2%
Utah Valley
26.2%
Charleston Southern
25.4%
Longwood
23.8%
New Orleans
23.8%
Gardner-Webb
23%
Kennesaw State
22.2%
Presbyterian
20.6%
Cal State Bakersfield
19.8%
Texas-Pan American
19%
North Carolina Central
17.5%
Southern Illinois University-Edwardsville
11.9%

You're not logged in!

Compare scores with friends on all Sporcle quizzes.
Join for Free
OR
Log In

You Might Also Like...

Show Comments

Extras

Created Mar 24, 2011ReportNominate
Tags:NCAA Quiz

Top Quizzes Today


Score Distribution

Your Account Isn't Verified!

In order to create a playlist on Sporcle, you need to verify the email address you used during registration. Go to your Sporcle Settings to finish the process.

Report this User

Report this user for behavior that violates our Community Guidelines.

Details: